000 00505nam a2200193Ia 4500
008 151121s9999||||xx |||||||||||||| ||und||
082 _a010/
082 _bHNW-30373
100 _aPublisher
245 _aCatalogue Of Books In The Library ।।
260 _bGovt। Of Bombay।
260 _c--
300 _a127
600 _aPublisher
630 _aCatalogue Of Books In The Library ।।
700 _aPublisher
730 _aCatalogue Of Books In The Library ।।
942 _cBOOK
999 _c1224941
_d1224938